| 000 | 01734aab a2200193 i 4500 | ||
|---|---|---|---|
| 001 | 768714001 | ||
| 003 | CO-MdFUSB | ||
| 005 | 20240314162813.0 | ||
| 008 | 240314t2000 ck a|||| |||| 00| 0 spa d | ||
| 040 |
_bspa _cCO-MdFUSB |
||
| 041 | _aspa | ||
| 100 | 1 |
_aEscobar, Samuel (1934-) _eautor |
|
| 245 | 1 | 3 |
_aLa responsabilidad social de la iglesia _c/ Samuel Escobar |
| 300 |
_aVolumen 19, número 4 (noviembre - diciembre, 2000), páginas: 20 - 37 _c; 27 cm |
||
| 520 | _aEste artículo es una memoria de la presentación del autor (Samuel Escobar)en el Primer Congreso Latinoamericano de Evangelización. Aquí algunas conclusiones de esa ponencia: - Por razones históricas el descuido de los evangélicos en el estudio y realización de la responsabilidad social de la iglesia es explicable pero no justificable. - Para cumplir con la responsabilidad social de la iglesia no es necesario ni el abandono de la evangelización ni la adopción de una teología liberal o no evangélica. Se trata de llevar nuestras creencias hasta las ultimas consecuencias. -La falta de encarnación está convirtiendo el evangelio en una ideología de clase media que ni apela ni comunica nada a vastos sectores de América Latina. -No toca a la iglesia adoptar una misión y un programa políticos. Pero el testimonio de servicio del creyente tiene indudables dimensiones sociales y políticas. La concepción de nuestra responsabilidad como servicio evitará caer en la "tentación católica" de dominar el poder e imponer el evangelio desde arriba. | ||
| 650 | 7 |
_aSociología cristiana _9405 |
|
| 773 | 0 |
_tIglesia y Misión _049402 _959627 _gVolumen 19, número 4 (noviembre - diciembre, 2000), páginas: 20 - 37 _qpáginas: 20 |
|
| 942 | _cANA | ||
| 999 |
_c52463 _d52463 |
||